13 Most Famous Cities in Zambia on a Map - Statistics

General Stats
  • This quiz has been taken 64 times
  • The average score is 5 of 13
Answers on the Map
Answers color-coded by a green-red scale on the quiz's map according to % correct below.
 
Answer Stats
Wiki Monthly Views Cityquiz Mention Rate Population Answers % Correct
26.85K 29.10% 2212.30K Lusaka
100%
6.95K 3.81% 178.36K Livingstone
68%
3.39K 2.65% 665.96K Kitwe
62%
4.23K 1.85% 627.50K Ndola
57%
1.58K 0.70% 188.02K Chipata
32%
2.69K 1.01% 288.60K Kabwe
32%
1.22K 0.67% 256.56K Chingola
30%
1.22K 1.08% 179.64K Kasama
30%
0.99K 0.41% 193.29K Luanshya
30%
1.12K 0.42% 169.14K Mufulira
30%
0.96K 0.23% 301.37K Solwezi
24%
0.99K 0.49% 111.45K Mongu
22%
3.71K - 12.10K Kazungula
14%
No matching quizzes found
Score Distribution
Percent of People with Each Score
Percentile by Number Answered
Your Score History
You have not taken this quiz